000
00256nam a22001217a 4500
020
_a
0-89588-046-6
082
_a
005.1 ZAK'P
100
_a
ZAKS, R
_9
74927
245
_a
PROGRAMMING THE 6502
260
_a
USA
_b
SYBOX
_c
1980
300
_a
386P
942
_c
BK
999
_c
580429
_d
580429